Plastering (Record no. 9832)

000 -LEADER
fixed length control field 00318 a2200145 4500
003 - CONTROL NUMBER IDENTIFIER
control field OSt
005 - DATE AND TIME OF LATEST TRANSACTION
control field 20220303170843.0
008 - FIXED-LENGTH DATA ELEMENTS--GENERAL INFORMATION
fixed length control field 220303b ||||| |||| 00| 0 eng d
020 ## - INTERNATIONAL STANDARD BOOK NUMBER
International Standard Book Number 9781408041864
082 ## - DEWEY DECIMAL CLASSIFICATION NUMBER
Classification number 693.6
100 ## - MAIN ENTRY--PERSONAL NAME
Personal name Skills2Learn
245 ## - TITLE STATEMENT
Title Plastering
260 ## - PUBLICATION, DISTRIBUTION, ETC. (IMPRINT)
Name of publisher, distributor, etc Cengage Learning EMEA
942 ## - ADDED ENTRY ELEMENTS (KOHA)
Source of classification or shelving scheme
Holdings
Withdrawn status Lost status Source of classification or shelving scheme Damaged status Koha normalized classification for sorting Not for loan Permanent location Current location Date acquired Source of acquisition Cost, normal purchase price Full call number Barcode Date last seen Cost, replacement price Price effective from Koha item type
        693_600000000000000   BMS College of Architecture, Design and Planning BMS College of Architecture, Design and Planning 2022-03-03 4 1204.07 693.6 AR-UG2414 2022-03-03 1605.43 2022-03-03 UG Books
Copyright © 2025, The Librarian, Library and Information Centre, BMSCA D&P, Bengaluru. All Rights Reserved
web counter

Powered by Koha